Dividendová politika podniku
Dividendová politika ako významný komponent finančnej stratégie podniku. Základné typy dividendovej politiky a faktory, ktoré ju ovplyvňujú. Forma dividend.
Enregistré dans:
| Format: | Chapitre de livre |
|---|---|
| Langue: | tchèque |
| Sujets: | |
| Tags: |
Pas de tags, Soyez le premier à ajouter un tag!
|
MARC
| LEADER | 00000naa a2200000 4500 | ||
|---|---|---|---|
| 001 | r034720 | ||
| 005 | 20231002100044.9 | ||
| 041 | 0 | |a cze | |
| 044 | |a CZ | ||
| 245 | 1 | 0 | |a Dividendová politika podniku |
| 520 | |a Dividendová politika ako významný komponent finančnej stratégie podniku. Základné typy dividendovej politiky a faktory, ktoré ju ovplyvňujú. Forma dividend. | ||
| 610 | 2 | 0 | |a dividendy |
| 610 | 2 | 0 | |a podnik |
| 610 | 2 | 0 | |a zisk podnikový |
| 610 | 2 | 0 | |a ceny trhové |
| 610 | 2 | 0 | |a akcie |
| 610 | 2 | 0 | |a stratégia podniková |